College Quizbowl Stats
College Quizbowl Stats
Circuits
Seasons
Sets
Records
Detailed Stats
About
Loading...
2024 Chicago Open
Tossups
Bonuses
Players
Teams
Categories (Tossup)
Categories (Bonus)
Donal Ryan
Les Missourables
Categories
Category
Powers
Gets
Negs
BBs
Points
Earliest Buzz
Avg. Buzz
First Buzzes
Top 3 Buzzes
Mythology
1
0
0
0
15
68
68.00
0
1
Fine Arts - Other Arts
0
1
0
0
10
94
94.00
0
1
History - European History
0
1
0
0
10
153
153.00
0
0
History - Other History
0
1
0
0
10
141
141.00
0
0
History - World History
0
1
0
1
10
130
130.00
0
0
Buzzes
Category
Answer
Value
Buzz Position
Mythology
building Solomon’s Temple
15
68
Fine Arts - Other Arts
minarets
10
94
History - World History
Darfur Sultanate
10
130
History - European History
Ioannis Kapodistrias
0
138
History - Other History
Musket Wars
10
141
History - European History
Lothair
10
153
Previous
1
Next